00317nam a2200121Ia 4500100002400000650002700024654001600051245006000067260003300127082001500160300000800175546001200183 aMan/K.F/ Tang/K.S.  aElectrical Engineering aEngineering aGenetic Algorithms for Control & Signal Processing bSpringer VerlagaNONEc1997 a629.8bMAN a211 aENGLISH